000 00803nam a22002177a 4500
003 UA-OsUOA
001 72024
007 ta
008 20101217b un ||||| |||| 00| 0 ukr d
100 _aИваницкий В.Л.
090 _a659
_bИ19
942 _cSA
040 _aUA-OsUOA
_brus
_cUA-OsUOA
_dUA-OsUOA
245 _aБизнес-моделирование СМИ: представления о методе
300 _aС.180-188
955 _a0
041 _arus
080 _a659
773 0 _w72018
_tВестник Московского университета. Серия 10. Журналистика
_dМ.
_d2010
_g4
650 7 _a659 Реклама. Система інформації. Громадська інформація та реклама (Паблик-Рилейшнз)
_2UDC
999 _c358268
_d358268